| 000 | 00777nam a22002177a 4500 | ||
|---|---|---|---|
| 999 |
_c20630 _d20630 |
||
| 003 | AR-CdUCM | ||
| 008 | 190531b ||||| |||| 00| 0 spa d | ||
| 040 |
_aMUNICIPALIDAD PROVINCIAL DEL CUSCO _cBIBLIOTECA MUNICIPAL DEL CUSCO |
||
| 082 |
_a621.3 / _bG39 |
||
| 100 |
_aGerrish, Howard H _943111 |
||
| 245 | _aFundamentos de electrónica / | ||
| 260 |
_aMéxico : _bLimusa, _c1976. |
||
| 300 |
_a183 páginas ; _bIlustraciones, _c28 cm. |
||
| 500 | _aLibro reempastado | ||
| 505 | _aContenido : Los tubos electrónicos -- Fuentes de energía -- Tubos electrónicos amplificadores -- El tubo al vació como oscilador... | ||
| 650 |
_aLos transistores _943112 |
||
| 650 |
_aLas ondas de radio _943113 |
||
| 650 |
_aOsciladores _921152 |
||
| 942 |
_2ddc _cLIBROS |
||
| 945 | _aandy | ||